| 000 | 00374nam a2200169 4500 | ||
|---|---|---|---|
| 001 | 43234 | ||
| 090 | _a43234 | ||
| 100 | _a20240617 pory50 | ||
| 101 | _apor | ||
| 102 | _aPT | ||
| 200 |
_aEu como _fWarner Bros |
||
| 210 |
_a[S.l.] _cB&F grupo _d[cop. 2006] |
||
| 215 |
_a[14] p. _cil. |
||
| 225 | _aBaby Looney Tunes | ||
| 675 | _a82-93 | ||
| 801 |
_aPT _gRPC |
||
| 990 | _cLIVROS | ||